000 00493nam a2200133Ia 4500
008 090124s9999 xx 000 0 und d
082 _b204340
245 _a बाबा साहेब आंबेडकर एक चिंतन
250 _a1
260 _bलिमये मधु
_c1997
630 _a बाबा साहेब आंबेडकर एक चिंतन
730 _a बाबा साहेब आंबेडकर एक चिंतन
942 _cBOOK
999 _c185921
_d185921